000 01870nam a2200397 c 4500
003 BLK
005 20220505120238.0
008 180408b bul|||||r ||||||| ||bul||
010 _aKNG00058355000
020 _a954-23-0201-0
_bиздат.: Акад. изд. Д. А. Ценов
040 _aBLK
041 _aBUL
_cBUL
080 _aВъншна търговия. Международна търговия. Външно-търговска политика. Мита. Вж и 336. 4
_b339.5
_x:339.13(075.8)
_z339.5:339.13(075.8)
080 _aПазар. Анализ на пазара. Търсене. Предлагане. Конкуренция. Маркетингова логистика
_b339.13
_x(075.8)
_z339.13(075.8)
100 1 _aДамянов, Атанас
_eпърви автор
_9364644
139 _aДамянов, Атанас
_bД 15
245 1 0 _aЕкспортен маркетингов мениджмънт
_cАтанас Дамянов.
250 _a2. изд.
257 _aBGR
260 Свищов
_bАкад. изд. Д. А. Ценов
_c2004
300 _a464 с.
_bс табл., диагр.
_c24 см
380 _a3
500 _aПълното име на авт. е Атанас Дамянов Петров. - 1. изд. 2000 с авт. А. Дамянов, К. Тодоров, Ив. Марчевски
650 4 _aМаркетинг - учебници за ВУЗ
_9242328
650 4 _aПазари, международни
_9245952
650 4 _aВъншна търговия - учебници за ВУЗ
_9253777
653 _aвъншнотърговски сделки
653 _aпазари
653 _aмаркетинг
653 _aучебници за ВУЗ
852 _aЦб 226479
856 4 _qpdf
_u
856 4 _qpdf
_u
942 _cKNG
_n0
_01
944 _aCR
_c14.02.2006
_kГеновева_Генчева
944 _aED
_c28.02.2006
_k
999 _c54399
_d54399